A guide to Ismaili literature / (Record no. 12042)
[ view plain ]
| 000 -LEADER | |
|---|---|
| fixed length control field | 01083nam a22002772a 4500 |
| 001 - CONTROL NUMBER | |
| control field | 12042 |
| 003 - CONTROL NUMBER IDENTIFIER | |
| rucl marc code | BD-RjUL |
| 005 - DATE AND TIME OF LATEST TRANSACTION | |
| control field | 20211208235227.0 |
| 008 - FIXED-LENGTH DATA ELEMENTS--GENERAL INFORMATION | |
| fixed length control field | 500101s1933 enk 000 0 eng d |
| 035 ## - SYSTEM CONTROL NUMBER | |
| System control number | (BD-RjUL)12091 |
| 040 ## - CATALOGING SOURCE | |
| Original cataloging agency | DLC |
| Transcribing agency | CLE |
| Modifying agency | EQO |
| -- | BD-RjUL |
| Language of cataloging | eng |
| 041 ## - LANGUAGE CODE | |
| Language code of text/sound track or separate title | eng |
| 082 ## - DEWEY DECIMAL CLASSIFICATION NUMBER | |
| Classification number | 016.297822 |
| Edition number | 23 |
| Author mark and year | IVG 1933 |
| 100 1# - MAIN ENTRY--PERSONAL NAME | |
| Personal name | Ivanow, Wladimir. |
| 9 (RLIN) | 221819 |
| 245 12 - TITLE STATEMENT | |
| Title | A guide to Ismaili literature / |
| Statement of responsibility, etc. | by W. Ivanow |
| 260 ## - PUBLICATION, DISTRIBUTION, ETC. (IMPRINT) | |
| Place of publication, distribution, etc. | London : |
| Name of publisher, distributor, etc. | The Royal Asiatic society, |
| Date of publication, distribution, etc. | 1933 |
| 300 ## - PHYSICAL DESCRIPTION | |
| Pagination | xii, 138 p. |
| Size | 22 cm |
| 490 1# - SERIES STATEMENT | |
| Series statement | Prize Publication Fund (Series) ; |
| Volume/sequential designation | v. 13 |
| 500 ## - GENERAL NOTE | |
| General note | Based on "the so-called Fihristu'l-majdū' or, more accurately, alMajmū' fī fihristi'l-kutub, by Isma'īl b. 'Abdi'r-Rasūl of Ujjain." cf. Pref., p. [v] |
| 650 #0 - SUBJECT ADDED ENTRY--TOPICAL TERM | |
| Topical term or geographic name as entry element | Ismaili literature |
| General subdivision | History and criticism |
| 9 (RLIN) | 221820 |
| Topical term or geographic name as entry element | Ismaili literature |
| General subdivision | Bibliography |
| 9 (RLIN) | 221821 |
| 700 0# - ADDED ENTRY--PERSONAL NAME | |
| Personal name | Ismāʿīl ibn ʿAbd al-Rasūl, |
| Dates associated with a name | d. 1769 or 70. |
| 830 #0 - SERIES ADDED ENTRY--UNIFORM TITLE | |
| Uniform title | Prize Publication Fund (Series) ; |
| Volume number/sequential designation | v. 13 |
| 942 ## - ADDED ENTRY ELEMENTS (KOHA) | |
| Source of classification or shelving scheme | Dewey Decimal Classification |
| Koha item type | Reference |
| Lost status | Source of classification or shelving scheme | Damaged status | Not for loan | Collection code | Permanent Location | Current Location | Shelving location | Date acquired | Total Checkouts | Full call number | Date last seen | Copy number | Koha item type |
|---|---|---|---|---|---|---|---|---|---|---|---|---|---|
| Dewey Decimal Classification | Not For Loan | Reference | Central Library, University of Rajshahi | Central Library, University of Rajshahi | 22/07/2018 | R 016.297822 IVG 1933 | 22/07/2018 | C-1 | Reference | ||||
| Dewey Decimal Classification | Not For Loan | Reference | Central Library, University of Rajshahi | Central Library, University of Rajshahi | 22/07/2018 | R 016.297822 IVG 1933 | 22/07/2018 | C-2 | Reference |